Von Asterix besuchte Länder - Statistiken

Allgemein
  • Dieses Quiz wurde 443 mal gespielt
    105 seit der letzten Aktualisierung
  • Das Durchschnittsergebnis liegt bei 14 aus 18
Antwortstatistiken
Anzahl Bände Anzahl Filme Land % Korrekt
3 2 Italien
99%
alle alle Frankreich
96%
1 0 Deutschland
95%
1 0 Spanien
94%
1 0 Schweiz
93%
2 2 Vereinigtes Königreich
93%
1 2 Ägypten
92%
1 1 Vereinigte Staaten
92%
1 0 Belgien
87%
1 1 Griechenland
85%
0 1 China
82%
1 0 Portugal
82%
1 1 Schweden
76%
1 0 Indien
65%
1 1 Tunesien
49%
1 0 Israel
46%
1 0 Ukraine
27%
1 0 Libanon
26%
Keine übereinstimmenden Quizze gefunden
Verteilung der Resultate
Anzahl Personen mit jedem Resultat
Perzentil nach korrekt beantworteten Fragen
Ihre Resultats-Entwicklung
Sie haben dieses Quiz seit der letzten Aktualisierung nicht gespielt